000 02045nam0a2200349 4500
001 RU\NLR\bibl\1734071
005 20260407084227.0
010 _a978-5-8356-1067-9
_940
021 _aRU
_b2011-1350
_993
035 _a(NLR Aleph) 001725013
090 _a1363705
_c1363705
100 _a20110209d2010 |||y0rusy50 ca
101 0 _arus
102 _aRU
105 _aa |||||||||
200 1 _aУправление изменениями в обществе, науке, культуре
_eВсероссийская научно-практическая конференция, ноябрь 2010 г.
_eсборник статей
_f[под ред. Б.Н. Герасимова, проф., д.э.н., д. чл. Акад. корпоратив. упр. (г. Самара), С.И. Ашмариной, проф., д.э.н.]
210 _aПенза
_cПриволжский Дом знаний
_d2010
215 _a93, [1] с.
_cил.
_d20
300 _aВ надзаг.: О-во "Знание" России, Приволж. Дом знаний, Самар. гос. экон. ун-т, Междунар. ин-т рынка
320 _aБиблиогр. в конце докл.
606 1 _aОрганизации
_jСъезды, совещания и т.п.
_xУправление
_92081403
_3RU\NLR\auth\661257382
686 _aУ21(0)24я431
702 1 _4340
_8rus
_7ca
_aГерасимов
_bБ. Н.
_cд-р экон. наук
_gБорис Никифорович
_3RU\NLR\auth\7731665
_914675
711 1 2 _a"Управление изменениями в обществе, науке, культуре", всероссийская научно-практическая конференция
_eСамара
_f2010
_9864407
_3RU\NLR\AUTH\880599731
712 0 2 _4475
_aПриволжский дом знаний
_cПенза
_3RU\NLR\AUTH\8812001
_9296693
801 0 _aRU
_bNLR
_c20110209
_gRCR
801 1 _aRU
_bNLR
_c20110209
942 _cBOOK
980 _aNB